Frontières de l'Iran-The Content Update-The Times Lefting - Statistiques

Statistiques générales
  • Ce quiz a été pris 29 fois
  • Le résultat moyen est 6 sur 7
Statistiques - réponses
Km Pays % Correct
1458 Irak
97%
936 Afghanistan
93%
909 Pakistan
90%
432 Azerbaïdjan
86%
499 Turquie
86%
992 Turkménistan
83%
35 Arménie
76%
Aucun quiz correspondant
Distribution des résultats
% des personnes avec chaque résultat
Percentile par nombre de réponses
Votre historique - résultats
Vous n’avez pas pris ce quiz